| 000 | 01341cab a2200217 4500 | ||
|---|---|---|---|
| 001 | L130660 | ||
| 008 | 050823n2005 000 0 eng u | ||
| 035 | _a(Sirsi) u130660 | ||
| 041 | 0 | _aeng | |
| 245 | _aPreferred Mortgages Ltd V Countrywide Surveyors Ltd | ||
| 260 | _c2005 | ||
| 490 |
_aEstates Gazette _v[2005] 31 EG 81 (CS)(1) |
||
| 520 | _aChD, 25 July 2005. Considers whether devaluation of a later valuation using a house price index in an appropriate way of carrying out a retrospective valuation. P claimed that C had been negligent in its valuation of a property on the grounds that a retrospective valuation carried out P's own valuer had produced a significantly lower value. "Held": the claim was dismissed as the valuation by P's expert was based solely on the increases in the regional index figure in the intervening period without any reference to clear and cogent evidence that local house prices had risen the same amount as those for the region as a whole. | ||
| 590 | _aIKA300805 | ||
| 650 | 2 | 4 | _aPREFERRED MORTGAGES LTD V COUNTRYWIDE SURVEYORS LTD |
| 650 | 2 | 4 | _aSOUTH AUSTRALIA ASSET MANAGEMENT CORPORATION V YORK MONTAGUE LTD |
| 650 | 2 | 4 | _aHALIFAX MORTGAGE SERVICES LTD V SIMPSON |
| 651 | 4 |
_aEngland and Wales _y1543- |
|
| 690 | _aPROPERTY-PROPERTY VALUATION AND APPRAISAL-VALUATION ACCURACY | ||
| 942 | _n0 | ||
| 999 |
_c75763 _d75763 |
||